Strzelcy bramek w 27 kolejce Premier League w sezonie 20/21. - Statystyki

Ogólne statystyki
  • Ten quiz został rozwiązany 18 razy
  • Średni wynik to 10 z 19
Statystyki odpowiedzi
Mecz Piłkarz % Poprawnych
Tottenham - Crystal Palace 3:1 Kane
89%
Tottenham - Crystal Palace 4:1 Kane
89%
Burnley - Arsenal 0:1 Aubameyang
83%
Tottenham - Crystal Palace 1:0 Bale
72%
Tottenham - Crystal Palace 2:1 Bale
72%
Manchester City - Manchester United 0:1 Fernandes
72%
Manchester City - Manchester United 0:2 Shaw
72%
West Ham - Leeds 1:0 Lingard
67%
Burnley - Arsenal 1:1 Wood
67%
Brighton - Leicester 1:1 Iheanacho
44%
Chelsea - Everton 2:0 Jorginho
44%
Sheffield United - Southampton 0:2 Adams
39%
Tottenham - Crystal Palace 1:1 Benteke
39%
Liverpool - Fulham 0:1 Lemina
39%
Sheffield United - Southampton 0:1 Ward-Prowse
33%
West Ham - Leeds 2:0 Dawson
28%
Chelsea - Everton 1:0 (bramka samobójcza) Godfrey
28%
Brighton - Leicester 1:2 Amartey
22%
Brighton - Leicester 1:0 Lallana
22%
Nie znaleziono quizów pasujących do podanych kryteriów
Rozkład punktacji
Procent ludzi z każdym wynikiem
Percentyl według liczby udzielonych odpowiedzi
Twoja historia wyników
Nie rozwiązałeś tego quizu